Jesús el Galileo / (Record no. 108571)

MARC details
000 -LEADER
campo de control de longitud fija 00703nam a2200217 i 4500
001 - NÚMERO DE CONTROL
campo de control 108571
003 - IDENTIFICADOR DE NÚMERO DE CONTROL
campo de control ES-MaACL
005 - FECHA Y HORA DE LA ÚLTIMA TRANSACCIÓN
campo de control 20230906184651.0
007 - CAMPO FIJO DE DESCRIPCIÓN FÍSICA--INFORMACIÓN GENERAL
campo de control de longitud fija t|
008 - DATOS DE LONGITUD FIJA--INFORMACIÓN GENERAL
campo de control de longitud fija 061121s1973 sp r ||||1| spa d
100 1# - ENTRADA PRINCIPAL--NOMBRE DE PERSONA
Nombre de persona Monloubou, Louis (
Fechas asociadas al nombre 1924-2012)
9 (RLIN) 82233
245 10 - MENCIÓN DEL TÍTULO
Título Jesús el Galileo /
Mención de responsabilidad, etc. Louis Monloubou; traducción del francés por Carmelo García del Valle.
260 ## - PUBLICACIÓN, DISTRIBUCIÓN, ETC.
Lugar de publicación, distribución, etc. Madrid :
Nombre del editor, distribuidor, etc. Studium,
Fecha de publicación, distribución, etc. 1973.
300 ## - DESCRIPCIÓN FÍSICA
Extensión 259 p., 4 lám ;
Dimensiones 19 cm.
490 1# - MENCIÓN DE SERIE
Mención de serie El mundo de la Biblia
600 04 - PUNTO DE ACCESO ADICIONAL DE MATERIA--NOMBRE DE PERSONA
Nombre de persona Jesucristo-
Subdivisión general Biografías.
9 (RLIN) 140032
700 1# - ENTRADA AGREGADA--NOMBRE PERSONAL
Nombre de persona García del Valle, Carmelo.
9 (RLIN) 54524
830 0# - PUNTO DE ACCESO ADICIONAL DE SERIE-TÍTULO UNIFORME
Título uniforme El mundo de la Biblia
9 (RLIN) 193251
852 ## - LOCALIZACIÓN
Ubicación ES-MaACL
Número de control de estantería C-55692
Sublocalización o colección R.88324
Holdings
Estatus retirado Estado de pérdida Estado de daño No para préstamo Biblioteca de origen Biblioteca actual Ubicación en estantería Fecha de adquisición Fuente de adquisición Total de préstamos Signatura topográfica completa Código de barras Visto por última vez Precio de reemplazo Tipo de ítem Koha
        Biblioteca del Ateneo de Madrid Biblioteca del Ateneo de Madrid Depósito 2 17/01/2008     C-55692 1113289 23/02/2023 23/02/2023 Libro impreso